000 00623nam a2200205Ia 4500
003 GCL
008 140319s9999 xx 000 0 ara d
040 _aGCL /
_cGCL
082 0 4 _a613.85
_bس ا
100 1 _aسوفنير
245 1 0 _aالاقلاع عن التدخين شهر واحد: نصائح وارشادات /
_cسوفنير
260 _a[S.N] :
_bدار الراتب الجامعية
300 _a120 ص
490 _aسلسلة سوفنير
_v0
650 0 4 _aالتدخين
650 0 4 _aالسجائر
650 0 4 _aالتدخين والنساء
650 0 4 _aمنع التدخين
942 _2ddc
_cBK
999 _c53708
_d53708